000 00787nam a22002531 4500
001 8689
003 BD-RjUL
005 20211208234631.0
008 190114s1958 nyua 000 0 eng
035 _a(BD-RjUL)8734
040 _aDLC/ICU
_cICU
_dDLC
_dBD-RjUL
_beng
041 _aeng
082 0 0 _a536.2
_218
_bBRI 1958
100 1 _aBrown, Aubrey I.
_q(Aubrey Ingerson),
_d1888-
_927041
245 1 0 _aIntroduction to heat transfer /
_cAubrey I. Brown [and] Salvatore M. Marco.
250 _a3d ed.
260 _aNew York ;
_bMcGraw-Hill,
_cc1958.
300 _a332 p. :
_billus. ;
_c24 cm.
650 0 _aHeat
_xTransmission.
_927036
700 1 _aMarco, Salvatore M.
_q(Salvatore Michael),
_ejoint author.
_927042
942 _2ddc
_cBK
999 _c8689
_d8689